[Event "Match"]
[Site "www.echecsemail.com"]
[Date "2016.08.01"]
[Round "1"]
[White "Billyg"]
[Black "Sonny1000"]
[WhiteElo "1630"]
[BlackElo "1470"]
[Result "1-0"]
[Round "1"]
1.e4 e5
2.d3 Ng8f6
3.Bc1g5 Bf8b4
4.c3 Bb4a5
5.Ng1h3 h6
6.Bg5h4 Rh8g8
7.Bf1e2 Nb8c6
8.Nb1d2 g5
9.Bh4g3 g4
10.Be2xg4 Nf6xg4
11.Nd2c4 d5
12.Nc4xa5 Nc6xa5
13.O-O d4
14.b4 Na5c6
15.b5 Nc6a5
16.Qd1a4 b6
17.Ra1e1 Qd8f6
18.cxd4 Rg8g5
19.Nh3xg5 hxg5
20.h3 Ng4h6
21.dxe5 Qf6e6
22.f4 Nh6f5
23.exf5 Qe6xf5
24.Qa4d4 g4
25.hxg4 Qf5d7
26.Qd4xd7 Bc8xd7
27.f5 Bd7xb5
28.Re1e3 Ke7
29.Bg3h4 Kd7
30.e6 fxe6
31.fxe6 Kd6
32.Bh4g3 Kc6
33.e7 Kc5
34.Rf1f8 Ra8e8
35.Rf8xe8 Bb5xe8
36.Bg3xc7 Na5c6
37.Bc7d8 Kd4
38.Re3e6 Nc6e5
39.g5 Ne5g6
40.Bd8c7 Kxd3
41.Bc7b8 Ng6f4
42.Bb8xf4 { resign }
1-0

[Event "Eq:La Taverne-Slap Shot Mates : "]
[Site "www.chess-mail.com"]
[Date "2016.08.01"]
[Round "1"]
[White "Mustaphly"]
[Black "Terrible"]
[WhiteElo "2780"]
[BlackElo "2290"]
[Result "0-1"]
[Round "1"]
1.d4 d5
2.Ng1f3 Ng8f6
3.c4 c6
4.Nb1c3 e6
5.e3 Bf8d6
6.Bf1d3 Nb8d7
7.Qd1c2 dxc4
8.Bd3xc4 e5
9.O-O O-O
10.b3 exd4
11.Nf3xd4 Qd8c7
12.h3 Nd7e5
13.Bc4e2 Rf8e8
14.Bc1b2 Ne5g6
15.Nd4f3 Qc7a5
16.Ra1d1 Bc8f5
17.Be2d3 Bf5xd3
18.Rd1xd3 Ra8d8
19.Rf1d1 Bd6e7
20.Rd3d2 Rd8xd2
21.Nf3xd2 Re8d8
22.Nd2c4 Qa5c7
23.Nc3e2 Nf6d5
24.a3 a6
25.Ne2d4 Be7f6
26.Nd4f5 Ng6e7
27.Bb2xf6 Nd5xf6
28.Rd1xd8 Qc7xd8
29.Nf5d6 b5
30.Nd6b7 Qd8d5
31.Nc4a5 Nf6e4
32.b4 g6
33.Na5b3 Qd5c4
34.Qc2xc4 bxc4
35.Nb3d4 Ne7f5
36.Nd4xc6 c3
37.Nc6e5 Nf5d6
38.Nb7a5 { time. }
0-1

[Event "Tourn. n8789"]
[Site "www.chess-mail.com"]
[Date "2016.08.02"]
[Round "1"]
[White "Claudia"]
[Black "Osopanda"]
[WhiteElo "1920"]
[BlackElo "1920"]
[Result "1-0"]
[Round "1"]
1.d4 d5
2.c4 e6
3.Nb1c3 Ng8f6
4.cxd5 exd5
5.Bc1g5 Bf8e7
6.e3 O-O
7.Bf1d3 c6
8.Qd1c2 Bc8e6
9.Bg5xf6 Be7xf6
10.Bd3xh7 Kh8
11.Bh7f5 Nb8d7
12.Ng1f3 c5
13.O-O Be6xf5
14.Qc2xf5 g6
15.Qf5xd5 cxd4
16.Nf3xd4 Ra8b8
17.Rf1d1 Nd7e5
18.Qd5xd8 Rf8xd8
19.Nd4b5 a6
20.Nb5d6 b5
21.f4 Ne5c4
22.Nd6xf7 Kg7
23.Nf7xd8 Bf6xd8
24.Nc3d5 Bd8a5
25.b3 Nc4d6
26.Kf2 Nd6e4
27.Kf3 Rb8e8
28.b4 Ba5d8
29.Ra1c1 Ne4f6
30.Nd5xf6 Bd8xf6
31.Rc1c7 Bf6e7
32.Rd1d7 Kf8
33.Rd7xe7 Re8xe7
34.Rc7xe7 Kxe7
35.e4 Ke6
36.g4 Kf6
37.e5 Ke6
38.Ke4 Ke7
39.f5 g5
40.f6 Ke6
41.h3 { resign }
1-0

[Event "Tourn. n8894"]
[Site "www.chess-mail.com"]
[Date "2016.08.02"]
[Round "1"]
[White "Jhzes"]
[Black "Drawlward"]
[WhiteElo "2020"]
[BlackElo "2009"]
[Result "0-1"]
[Round "1"]
1.e4 c5
2.Bf1c4 e6
3.b3 Ng8f6
4.d3 b5
5.Bc4xb5 Qd8a5
6.Bc1d2 Qa5xb5
7.Nb1a3 Qb5a6
8.Na3c4 d5
9.Nc4e5 Bf8d6
10.Ne5f3 dxe4
11.dxe4 Nf6xe4
12.c4 Nb8c6
13.Qd1c2 Ne4xd2
14.Nf3xd2 O-O
15.Ng1f3 Bd6e5
16.Nf3g5 f5
17.g4 Nc6d4
18.Qc2d3 Bc8b7
19.f3 Ra8d8
20.Qd3b1 Qa6a5
21.h4 Be5g3
22.Kd1 Nd4xb3
23.Kc2 Qa5xd2
24.Kxb3 Qd2b4
{ resign }
0-1

[Event "Tourn. n8850"]
[Site "www.chess-mail.com"]
[Date "2016.08.02"]
[Round "1"]
[White "Julian"]
[Black "Guidom"]
[WhiteElo "2060"]
[BlackElo "2030"]
[Result "1-0"]
[Round "1"]
1.e4 e5
2.Ng1f3 Nb8c6
3.Bf1b5 Bf8c5
4.O-O d6
5.c3 Bc8d7
6.d4 exd4
7.cxd4 Bc5b6
8.Nb1c3 Ng8e7
9.Bc1e3 O-O
10.d5 Nc6e5
11.Nf3xe5 dxe5
12.Bb5xd7 Bb6xe3
13.fxe3 Qd8xd7
14.Qd1h5 f6
15.Ra1c1 a6
16.Rf1f3 h6
17.Rf3g3 Kh7
18.Rc1f1 Qd7e8
19.Qh5h3 Ra8d8
20.Nc3e2 c6
21.Rg3g4 cxd5
22.exd5 Ne7xd5
23.e4 Nd5b4
24.Ne2g3 Rd8d3
25.Rf1f3 Rd3xf3
26.gxf3 g6
27.f4 Qe8e6
28.f5 Qe6b6
29.Kf1 g5
30.Ng3h5 Rf8d8
31.Nh5g3 Rd8d1
32.Ke2 Qb6d6
33.Ng3f1 Rd1d3
34.Rg4g3 Rd3xg3
35.Qh3xg3 Qd6d4
36.Qg3b3 Qd4xe4
37.Nf1e3 Kg7
38.a3 Qe4h4
39.Qb3xb4 Qh4xb4
40.axb4 b5
41.Kf3 h5
42.h3 Kf7
43.Ke4 Ke7
44.Ne3d5 { resign }
1-0

[Event "Tourn. n8776"]
[Site "www.chess-mail.com"]
[Date "2016.08.02"]
[Round "1"]
[White "Heiserman"]
[Black "Rons"]
[WhiteElo "2340"]
[BlackElo "2550"]
[Result "1-0"]
[Round "1"]
1.c4 Ng8f6
2.Nb1c3 e5
3.e4 c6
4.Ng1f3 d6
5.Bf1e2 Bc8g4
6.O-O Nb8d7
7.d4 Bf8e7
8.h3 Bg4xf3
9.Be2xf3 exd4
10.Qd1xd4 Nd7c5
11.Bc1e3 a5
12.Bf3e2 O-O
13.f4 Rf8e8
14.Be2f3 a4
15.Ra1b1 Qd8a5
16.g4 Nc5e6
17.Qd4d3 Ne6c5
18.Qd3d2 Be7d8
19.Qd2c2 Bd8b6
20.Kh2 Nc5e6
21.Be3d2 Ne6d4
22.Qc2d3 Qa5a7
23.Bf3g2 Nd4e6
24.g5 Nf6d7
25.f5 Nd7e5
26.Qd3e2 Ne6d4
27.Qe2h5 Ne5xc4
28.Bd2f4 Bb6c5
29.Bf4g3 Nc4d2
30.Rf1f4 Nd2xb1
31.Rf4h4 Kf8
32.f6 Re8e6
33.Qh5xh7 gxf6
34.g6 b5
35.g7 Ke7
36.g8Q Ra8xg8
37.Qh7xg8 Kd7
38.Rh4h7 Re6e7
39.Nc3xb1 Qa7a5
40.Rh7h8 Qa5c7
41.h4 Nd4e6
42.Bg2h3 { resign }
1-0

[Event "Tourn. n8899"]
[Site "www.chess-mail.com"]
[Date "2016.08.02"]
[Round "1"]
[White "Nulladies"]
[Black "Caspito"]
[WhiteElo "1750"]
[BlackElo "1880"]
[Result "1/2-1/2"]
[Round "1"]
1.d4 g6
2.Ng1f3 Bf8g7
3.Bc1f4 d6
4.e3 Bc8g4
5.h3 Bg4f5
6.g4 Bf5e4
7.Bf1g2 d5
8.Nb1d2 Ng8f6
9.Nd2xe4 Nf6xe4
10.Nf3d2 O-O
11.Nd2xe4 dxe4
12.Bg2xe4 Nb8c6
13.Be4xc6 bxc6
14.Qd1f3 c5
15.c3 cxd4
16.O-O-O Qd8b8
17.exd4 Qb8b6
18.Rd1d2 a5
19.a4 Ra8b8
20.Qf3d1 Rb8b7
{ draw }
1/2-1/2

[Event "Tourn. n8895"]
[Site "www.chess-mail.com"]
[Date "2016.08.02"]
[Round "1"]
[White "Attatroll"]
[Black "Ranjachess"]
[WhiteElo "1890"]
[BlackElo "1720"]
[Result "0-1"]
[Round "1"]
1.e4 e5
2.f4 d6
3.Ng1f3 Nb8c6
4.Bf1c4 h6
5.O-O Bc8g4
6.d3 Qd8f6
7.c3 O-O-O
8.b4 exf4
9.Qd1b3 Nc6e5
10.Nf3xe5 dxe5
11.Bc4xf7 Ng8e7
12.Bf7c4 Bg4e2
13.Bc4e6 Kb8
14.Rf1e1 f3
15.gxf3 Qf6xf3
16.Nb1d2 Qf3e3
17.Kh1 Rd8xd3
18.Be6g4 Rd3xc3
19.Qb3e6 Be2xg4
20.Re1xe3 Rc3xc1
21.Ra1xc1 Bg4xe6
22.Re3c3 Ne7c6
23.b5 Bf8b4
24.bxc6 Rh8d8
25.Rc3c2 Rd8xd2
26.Rc2xd2 Bb4xd2
27.Rc1d1 Bd2g5
28.cxb7 Kxb7
29.Kg2 Be6xa2
30.Kf3 h5
31.Rd1d7 Bg5f6
32.Rd7d1 Kb6
33.Ke3 a5
34.Kd3 c5
35.Kc3 c4
36.Rd1d2 Ba2b3
37.Rd2d7 a4
38.Kb2 Kc5
39.h3 h4
40.Rd7d5 Kb4
41.Rd5d7 a3
42.Kb1 Kc3
43.Ka1 Kc2
44.Rd7xg7 c3
45.Rg7g2 Kd3
46.Rg2f2 c2
47.Rf2d2 Kxe4
48.Rd2d4 Kf5
{ resign }
0-1

[Event "Tourn. n8876"]
[Site "www.chess-mail.com"]
[Date "2016.08.02"]
[Round "1"]
[White "Bojan"]
[Black "Francesco"]
[WhiteElo "1930"]
[BlackElo "1970"]
[Result "0-1"]
[Round "1"]
1.b4 d5
2.e3 e5
3.a3 c5
4.b5 Ng8f6
5.c4 Bc8f5
6.h3 Qd8a5
7.Bc1b2 Nb8d7
8.Bb2c3 Qa5c7
9.Ng1f3 d4
10.exd4 exd4
11.Bc3b2 Bf8d6
12.Nf3h4 Bf5e6
13.Bf1d3 Nd7e5
14.Qd1e2 O-O
15.Bd3c2 Be6xc4
16.d3 Bc4xb5
17.Nb1d2 Rf8e8
18.O-O-O Ne5xd3
19.Bc2xd3 Re8xe2
20.Bd3xb5 Re2xf2
21.Kb1 a6
22.Bb5d3 b5
23.Nd2e4 Nf6xe4
24.Bd3xe4 Ra8e8
25.Be4f3 Bd6g3
26.Nh4f5 g6
27.Nf5xg3 Qc7xg3
28.Rd1d3 Re8e3
29.Rh1d1 Re3xd3
30.Rd1xd3 Qg3e5
31.Ka2 c4
{ resign }
0-1

[Event "Tourn. n8868"]
[Site "www.chess-mail.com"]
[Date "2016.08.02"]
[Round "1"]
[White "Cal"]
[Black "Redabond"]
[WhiteElo "1600"]
[BlackElo "1620"]
[Result "1-0"]
[Round "1"]
1.c4 e5
2.e4 Bf8c5
3.Ng1f3 Ng8f6
4.d3 O-O
5.h3 Nb8c6
6.Bc1d2 d6
7.Nb1c3 Bc8e6
8.a3 Nc6d4
9.Bf1e2 Rf8e8
10.b4 Nd4xf3
11.Be2xf3 Bc5d4
12.O-O c5
13.bxc5 Bd4xc5
14.Nc3e2 Bc5d4
15.Bd2g5 h6
16.Bg5h4 g5
17.Bh4g3 g4
18.hxg4 Bd4xa1
19.Qd1xa1 Be6xg4
20.Bf3xg4 Qd8b6
21.Qa1c3 Nf6xg4
22.Bg3h4 Re8e6
23.Qc3c1 Qb6b3
24.Ne2g3 Qb3xd3
25.Ng3f5 Qd3xe4
26.Nf5g3 Qe4c6
27.Ng3f5 Qc6a4
28.f3 Ng4f6
29.Nf5xh6 Kh7
30.Nh6f5 Qa4xc4
31.Qc1xc4 d5
32.Qc4c7 Kg6
33.Qc7xb7 Re6e8
34.g4 Re8b8
35.Nf5e7 Kg7
36.Ne7f5 Kg6
37.Qb7e7 Rb8b6
38.Nf5d6 a5
39.Qe7xf7 Kh6
40.Nd6f5 { resign }
1-0

[Event "Tourn. n8848"]
[Site "www.chess-mail.com"]
[Date "2016.08.02"]
[Round "1"]
[White "Ff333"]
[Black "Mitja"]
[WhiteElo "1980"]
[BlackElo "1970"]
[Result "1/2-1/2"]
[Round "1"]
1.e4 d5
2.Qd1f3 e6
3.exd5 Qd8xd5
4.Nb1c3 Qd5xf3
5.Ng1xf3 c6
6.Bf1c4 h6
7.O-O Ng8f6
8.d3 b6
9.Rf1e1 Bf8e7
10.Bc1f4 Bc8b7
11.Nc3e4 Nf6xe4
12.dxe4 Nb8d7
13.Nf3e5 Nd7xe5
14.Bf4xe5 O-O
15.Ra1d1 Ra8d8
16.Rd1d3 Rd8xd3
17.Bc4xd3 c5
18.Re1d1 Rf8d8
19.Be5c7 Rd8c8
20.Bc7f4 Rc8d8
21.e5 Kf8
22.f3 c4
23.Bd3e2 Rd8xd1
24.Be2xd1 a6
25.Bf4e3 b5
26.a3 Bb7d5
27.f4 Ke8
28.Be3b6 Kd7
29.Kf2 Be7d8
30.Bb6c5 Bd8e7
31.Bc5d4 Kc6
32.Ke3 Be7c5
33.g3 a5
34.Bd1e2 a4
35.Be2g4 g6
36.h3 Bc5e7
37.Bg4e2 h5
38.Be2f1 Be7c5
39.g4 hxg4
40.hxg4 Bc5e7
41.g5 Be7d8
{ draw }
1/2-1/2

[Event "Tourn. n8846"]
[Site "www.chess-mail.com"]
[Date "2016.08.02"]
[Round "1"]
[White "Hundegana"]
[Black "Francesco"]
[WhiteElo "2090"]
[BlackElo "2000"]
[Result "0-1"]
[Round "1"]
1.f4 d5
2.d4 Bc8f5
3.g3 Bf5e4
4.Ng1f3 Be4xf3
5.exf3 e6
6.Bf1d3 c5
7.b3 cxd4
8.Bd3b5 Nb8c6
9.Qd1xd4 Qd8a5
10.Nb1c3 Ng8f6
11.Bb5xc6 bxc6
12.Bc1d2 Bf8e7
13.Nc3e4 Qa5c7
14.O-O dxe4
15.fxe4 Ra8d8
16.Qd4e3 O-O
17.Kg2 Rd8d7
18.Ra1d1 Rf8d8
19.Rf1f2 Nf6g4
20.Qe3f3 Ng4xf2
21.Qf3xf2 Be7b4
22.c3 Bb4xc3
23.Bd2xc3 Rd7xd1
24.Kh3 Rd1c1
25.Bc3e5 Qc7a5
26.Qf2b2 Qa5d2
27.Qb2a3 Rc1c2
28.Qa3xa7 Qd2xh2
29.Kg4 h5
30.Kg5 Qh2xg3
31.Kxh5 Rc2h2
{ resign }
0-1

[Event "Tourn. n8829"]
[Site "www.chess-mail.com"]
[Date "2016.08.02"]
[Round "1"]
[White "Odin"]
[Black "Biggles"]
[WhiteElo "1920"]
[BlackElo "2070"]
[Result "0-1"]
[Round "1"]
1.d4 Ng8f6
2.e3 e6
3.Ng1f3 d5
4.Nb1d2 b6
5.b3 Bc8b7
6.c4 Bf8b4
7.a3 Bb4e7
8.Bf1d3 Nb8d7
9.O-O O-O
10.Bc1b2 c5
11.Nf3g5 h6
12.Ng5f3 dxc4
13.Nd2xc4 Nf6e4
14.Nf3e5 Qd8c7
15.Bd3c2 Nd7xe5
16.Nc4xe5 Be7f6
17.dxc5 Ne4xc5
18.Ne5c4 Ra8d8
19.Qd1c1 Qc7c6
20.f3 Bf6xb2
21.Qc1xb2 Rd8d5
22.Nc4e5 Qc6d6
23.Ra1d1 Rf8d8
24.e4 Rd5d2
25.Ne5c4 Qd6d4
26.Qb2xd4 Rd2xd4
27.Rd1xd4 Rd8xd4
28.Rf1d1 Rd4xd1
29.Bc2xd1 Bb7a6
30.Nc4d6 Kf8
31.Kf2 f6
32.b4 Nc5d7
33.Bd1b3 Ke7
34.Nd6c4 Ba6xc4
35.Bb3xc4 Kd6
36.Ke3 a5
37.bxa5 bxa5
38.a4 e5
39.g3 Kc5
40.Bc4b5 Nd7b6
41.f4 Kb4
42.h4 Nb6xa4
43.Bb5c6 Na4c5
44.fxe5 fxe5
45.g4 a4
46.Bc6d5 a3
47.Bd5a2 Kc3
48.Ba2f7 Nc5b3
{ resign }
0-1

[Event "Tourn. n8847"]
[Site "www.chess-mail.com"]
[Date "2016.08.02"]
[Round "1"]
[White "Judge74"]
[Black "Bjonil60"]
[WhiteElo "1199"]
[BlackElo "1350"]
[Result "0-1"]
[Round "1"]
1.e4 e5
2.Ng1f3 d6
3.d3 Qd8e7
4.g3 Nb8c6
5.Bf1g2 Ng8f6
6.O-O Bc8e6
7.d4 O-O-O
8.d5 Nc6d4
9.dxe6 fxe6
10.Nf3xd4 exd4
 { time }
0-1

[Event "Tourn. n8864"]
[Site "www.chess-mail.com"]
[Date "2016.08.02"]
[Round "1"]
[White "Destructor"]
[Black "Seger"]
[WhiteElo "2319"]
[BlackElo "2740"]
[Result "0-1"]
[Round "1"]
1.d4 Ng8f6
2.c4 e6
3.Ng1f3 b6
4.g3 Bc8b7
5.Bf1g2 g6
6.O-O Bf8g7
7.Bc1f4 O-O
8.Nb1c3 d5
9.cxd5 Nf6xd5
10.Nc3xd5 exd5
11.Ra1c1 Nb8a6
12.b4 c6
13.Qd1b3 Qd8e7
14.a3 { time. }
0-1

[Event "Match"]
[Site "www.echecsemail.com"]
[Date "2016.08.02"]
[Round "1"]
[White "Add"]
[Black "Derfel83"]
[WhiteElo "1990"]
[BlackElo "2080"]
[Result "0-1"]
[Round "1"]
1.e4 e6
2.e5 d6
3.Ng1f3 dxe5
4.Nf3xe5 Bf8c5
5.Ne5f3 a6
6.d4 Bc5a7
7.b3 c5
8.Bc1b2 Ng8f6
9.Bf1e2 O-O
10.O-O Nb8c6
11.dxc5 Nf6e4
12.Be2d3 Ne4xc5
13.Bd3e2 b5
14.a3 Bc8b7
15.Nb1d2 Ra8c8
16.c4 bxc4
17.bxc4 f6
18.Qd1c2 Qd8e7
19.a4 Nc6b4
20.Qc2c3 a5
21.Bb2a3 Nc5xa4
22.Qc3b3 Na4c5
23.Qb3c3 Nc5e4
24.Nd2xe4 Bb7xe4
25.Ba3xb4 axb4
26.Qc3b3 Ba7c5
27.Nf3d2 Qe7b7
28.Nd2xe4 Qb7xe4
29.Be2f3 Qe4e5
30.Rf1e1 Qe5d4
31.Qb3c2 Rf8e8
32.Ra1d1 Qd4c3
33.Qc2e2 b3
34.Rd1d3 Qc3xc4
35.Bf3h5 g6
36.Bh5g4 f5
37.Bg4f3 b2
38.Re1b1 Bc5d4
39.Rd3d1 Bd4f6
40.Qe2e3 Qc4c5
41.Qe3b3 Rc8b8
42.Qb3a4 Re8c8
43.Qa4d7 Qc5e7
44.Qd7xe7 Bf6xe7
45.g3 Be7a3
46.Kg2 Rc8c1
{ resign }
0-1

[Event "Match"]
[Site "www.echecsemail.com"]
[Date "2016.08.02"]
[Round "1"]
[White "Llord"]
[Black "Jhzes"]
[WhiteElo "1880"]
[BlackElo "1870"]
[Result "1-0"]
[Round "1"]
1.e4 c6
2.d4 e6
3.Nb1c3 d6
4.Ng1f3 Bf8e7
5.Bf1d3 Bc8d7
6.Bc1e3 h6
7.e5 d5
8.O-O Qd8c7
9.Qd1d2 c5
10.dxc5 Be7xc5
11.Be3xc5 Qc7xc5
12.a3 a6
13.b4 Qc5c7
14.Nf3d4 Qc7xe5
15.Nd4f3 Qe5f6
16.Ra1e1 Ng8e7
17.Nf3e5 O-O
18.Ne5xd7 Nb8xd7
19.Re1e3 b5
20.Re3f3 Qf6e5
21.Rf1e1 Qe5b8
22.Rf3g3 Nd7e5
23.Rg3e3 Ne7c6
24.Bd3f1 d4
25.Re3e4 dxc3
26.Qd2xc3 f6
27.f4 Qb8b6
28.Kh1 Ne5g4
29.Re4xe6 Ng4f2
30.Kg1 Nf2d1
31.Qc3c5 Qb6d8
32.Re6xc6 Nd1b2
33.Re1e3 Nb2d1
34.Re3d3 Qd8b8
35.Rd3xd1 Qb8xf4
36.Bf1e2 Ra8e8
37.Rd1f1 Qf4d2
38.Be2h5 Re8d8
39.Qc5f5 Qd2e3
40.Kh1 Qe3xa3
41.c3 Qa3b2
42.Qf5g6 Rd8d2
43.Rc6c7 Rd2xg2
44.Rc7xg7 { resign }
1-0

[Event "Match"]
[Site "www.echecsemail.com"]
[Date "2016.08.02"]
[Round "1"]
[White "Drawlward"]
[Black "Didpa"]
[WhiteElo "1809"]
[BlackElo "1549"]
[Result "1-0"]
[Round "1"]
1.e4 e5
2.Nb1c3 c6
3.Bf1c4 Ng8f6
4.d4 b5
5.dxe5 bxc4
6.exf6 Qd8xf6
7.Qd1e2 d6
8.Qe2xc4 Bf8e7
9.Nc3d5 cxd5
10.Qc4xc8  { time }
1-0

[Event "1/32 Finale"]
[Site "www.chess-mail.com"]
[Date "2016.08.02"]
[Round "1"]
[White "Hennie4820"]
[Black "Huw"]
[WhiteElo "1960"]
[BlackElo "2320"]
[Result "1-0"]
[Round "1"]
1.e4 c5
2.Ng1f3 Nb8c6
3.d4 cxd4
4.Nf3xd4 d6
5.c4 g6
6.Nb1c3 Bf8g7
7.Bc1e3 Ng8f6
8.Bf1e2 O-O
9.f3 Bc8e6
10.O-O a6
11.Ra1c1 Ra8c8
12.b3 Qd8c7
13.Nd4xe6  { time }
1-0

[Event "Eq:Royal chess-Equipo Juan Diaz : "]
[Site "www.chess-mail.com"]
[Date "2016.08.02"]
[Round "1"]
[White "Huw"]
[Black "Ecijaajedrez"]
[WhiteElo "2190"]
[BlackElo "2570"]
[Result "0-1"]
[Round "1"]
1.d4 d5
2.c4 e6
3.Ng1f3 Ng8f6
4.Nb1c3 Bf8e7
5.e3 O-O
6.Qd1c2 c5
7.dxc5 Nb8d7
8.cxd5 exd5
9.Bf1d3 Nd7xc5
10.Bd3e2 Bc8d7
11.O-O Ra8c8
12.Rf1d1 Qd8b6
13.Bc1d2 g6
14.Bd2e1 Bd7f5
15.Qc2d2 Nc5e4
16.Nc3xe4 dxe4
17.Nf3d4 Bf5g4
18.b3 Rf8d8
19.Ra1c1 Bg4xe2
20.Qd2xe2 a6
21.Rc1c2 Rc8c5
22.Rd1c1 Nf6d7
23.h3 Nd7e5
24.b4 Rc5d5
25.a3 Ne5d3
26.Rc1b1 Be7f6
27.Be1c3 Rd5c5
28.Qe2g4 Rd8e8
29.Qg4d1 Rc5c7
30.Bc3a1 Bf6h4
31.g3 Bh4f6
32.f3 Rc7xc2
33.Nd4xc2 Bf6xa1
34.Rb1xa1 Nd3e5
35.fxe4 Qb6c6
36.Nc2e1 Qc6xe4
37.Qd1d4 Ne5f3
38.Ne1xf3 Qe4xf3
39.Qd4f4 Re8xe3
40.Qf4xf3 Re3xf3
41.Kg2 Rf3d3
42.Ra1a2 Kg7
43.Kf2 Rd3b3
44.h4 f5
45.Ra2e2 b5
46.h5 Rb3xa3
47.hxg6 hxg6
48.Re2e6 Ra3a4
49.Re6d6 Kh6
50.Ke3 Kh5
51.Kf3 g5
52.g4 fxg4
53.Kg3 Ra4xb4
54.Rd6xa6 Rb4b3
55.Kg2 Rb3b2
56.Kg3 b4
57.Ra6b6 b3
58.Rb6b5 Rb2b1
59.Rb5b6 Rb1h1
60.Kg2 Rh1h3
61.Rb6c6 Rh3d3
62.Rc6e6 g3
63.Re6e4 g4
64.Re4e8 Kh4
65.Re8h8 Kg5
66.Rh8f8 b2
67.Rf8b8 Rd3d2
68.Kxg3 Kf5
69.Rb8b4 Ke5
70.Rb4b8 Ke4
71.Kxg4 Kd3
72.Kf3 Kc2
73.Rb8c8 Kb1
74.Ke3 Rd2d5
75.Rc8a8 Kc2
76.Ra8c8 Kb3
77.Rc8h8 b1Q
78.Rh8b8 Kc2
79.Rb8xb1 Kxb1
 { time }
0-1

[Event "Eq:Slap Shot Mates-Royal chess : "]
[Site "www.chess-mail.com"]
[Date "2016.08.02"]
[Round "1"]
[White "Huw"]
[Black "Mustaphly"]
[WhiteElo "2260"]
[BlackElo "2870"]
[Result "0-1"]
[Round "1"]
1.e4 c5
2.Ng1f3 d6
3.d4 cxd4
4.Nf3xd4 Ng8f6
5.Nb1c3 a6
6.Bf1d3 e6
7.O-O Bf8e7
8.Bc1e3 Qd8c7
9.Kh1 Nb8c6
10.a3 O-O
11.f4 Ra8b8
12.f5 Nc6e5
13.Rf1f4 Ne5xd3
14.cxd3 e5
15.Rf4f3 exd4
16.Be3xd4 h6
17.Rf3h3 Qc7d8
18.Bd4e3 Rf8e8
19.Qd1f3 b5
20.g4 d5
21.Be3f4 dxe4
 { time }
0-1

[Event "Fast Game"]
[Site "www.echecsemail.com"]
[Date "2016.08.02"]
[Round "1"]
[White "Cal"]
[Black "Hennie4820"]
[WhiteElo "1640"]
[BlackElo "1600"]
[Result "0-1"]
[Round "1"]
1.Nb1c3 Ng8f6
2.e4 d5
3.e5 d4
4.Nc3e2 Nf6d7
5.Ne2xd4 Nd7xe5
6.d3 Qd8xd4
7.c3 Qd4d8
8.d4 Ne5g6
9.h3 e6
10.a3 b6
11.Ng1f3 Bc8b7
12.Bf1c4 Bf8e7
13.O-O O-O
14.b4 Nb8d7
15.Bc4b3 a5
16.b5 Nd7f6
17.Bc1g5 h6
18.Bg5xf6 Be7xf6
19.Qd1d3 e5
20.d5 Qd8d6
21.Qd3e4 Ra8d8
22.c4 Bf6e7
23.a4 f5
24.Qe4e3 e4
25.Nf3h2 Be7g5
26.Qe3e2 Ng6f4
27.Qe2c2 Nf4d3
28.Ra1d1 Qd6c5
29.Bb3a2 Bb7xd5
30.Qc2e2 Bd5xc4
31.Ba2xc4 Qc5xc4
32.f4 exf3
33.Nh2xf3 Qc4c5
34.Kh1 Nd3f4
35.Qe2a2 Kh8
36.Rd1xd8 Rf8xd8
37.h4 Bg5f6
38.Nf3h2 Bf6e5
39.Nh2f3 Nf4h5
40.Rf1e1 Be5f6
41.Qa2b1 Nh5g3
42.Kh2 Qc5d6
43.Kh3 f4
44.Qb1g6 Qd6d7
45.Kh2 Qd7f5
46.Qg6f7 Bf6c3
47.Re1e8 Rd8xe8
48.Qf7xe8 Kh7
49.Qe8c6 Bc3e5
50.Qc6d5 Ng3f1
51.Kg1 Qf5b1
52.Qd5xe5 Nf1g3
53.Nf3e1 Qb1f5
54.Qe5xc7 Qf5f6
55.Ne1f3 Qf6a1
56.Kf2 Qa1f1

0-1

[Event "Fast Game"]
[Site "www.echecsemail.com"]
[Date "2016.08.02"]
[Round "1"]
[White "Attatroll"]
[Black "Pellix84"]
[WhiteElo "1830"]
[BlackElo "1640"]
[Result "1/2-1/2"]
[Round "1"]
1.e4 c6
2.Ng1f3 d5
3.exd5 cxd5
4.Nf3e5 Nb8c6
5.Bf1b5 Bc8d7
6.Bb5xc6 Bd7xc6
7.d4 Ng8f6
8.O-O e6
9.c3 Bf8e7
10.Nb1d2 { draw }
1/2-1/2

[Event "Fast Game"]
[Site "www.echecsemail.com"]
[Date "2016.08.02"]
[Round "1"]
[White "Janerol"]
[Black "Jhzes"]
[WhiteElo "1599"]
[BlackElo "1650"]
[Result "0-1"]
[Round "1"]
1.e4 e5
2.Ng1f3 Bf8c5
3.Nf3xe5 Bc5xf2
4.Kxf2 Qd8h4
5.g3 Qh4xe4
6.Ne5d3 Qe4xh1
7.Bf1e2 Qh1xh2
8.Kf3 d5
9.Nd3f2 Ng8f6
10.Qd1h1 Qh2xh1
11.Nf2xh1 O-O
12.d4 Rf8e8
13.Nb1c3 Nb8c6
14.Be2b5 Nc6xd4
15.Kf2 Nf6g4
16.Kg2 c6
17.Bb5e2 Nd4xc2
18.Ra1b1 Nc2e3
19.Bc1xe3 Ng4xe3
20.Kf2 Bc8f5
21.g4 Bf5xb1
22.Nc3xb1 d4
23.Nb1a3 b5
24.Nh1g3 Re8e5
25.Be2d3 Ne3xg4
26.Kf3 Ng4f6
27.Bd3f5 g6
28.Bf5h3 d3
29.Na3b1 c5
30.Kf4 Re5e1
31.Nb1c3 b4
32.Bh3g2 Ra8b8
33.Kg5 Kg7
34.a4 bxc3
35.bxc3 Re1g1
36.Bg2f1 Rg1xg3
37.Kf4 Nf6h5
38.Ke4 d2
39.Bf1e2 Rb8e8
{ resign }
0-1

[Event "Tourn. n8818"]
[Site "www.chess-mail.com"]
[Date "2016.08.03"]
[Round "1"]
[White "Cal"]
[Black "Passaroa25"]
[WhiteElo "1620"]
[BlackElo "1520"]
[Result "1-0"]
[Round "1"]
1.Nb1c3 c6
2.e4 d6
3.d3 Nb8d7
4.Ng1f3 Nd7b6
5.a3 f6
6.h3 Bc8e6
7.Bc1f4 Be6f7
8.b3 Nb6d7
9.d4 g5
10.Bf4h2 e5
11.dxe5 Nd7xe5
12.Bf1d3 Ng8e7
13.O-O b5
14.b4 Bf8g7
15.Bd3e2 O-O
16.a4 a6
17.Nf3d4 Ne5c4
18.axb5 axb5
19.Ra1xa8 Qd8xa8
20.f4 Nc4e3
21.Qd1e1 Ne3xf1
22.Be2xf1 h5
23.fxg5 fxg5
24.Qe1d2 d5
25.exd5 Ne7xd5
26.Nc3e4 Nd5f4
27.Ne4xg5 Nf4d5
28.Bh2d6 Bg7xd4
29.Qd2xd4 Rf8d8
30.Qd4e5 Nd5xb4
31.Bd6xb4 Rd8d5
32.Qe5f6 Qa8e8
33.Bb4e7 Rd5d7
34.Be7c5 Bf7g6
35.Ng5e6 Qe8f7
36.Qf6e5 Bg6xc2
37.Qe5b8 Kh7
38.Ne6f8 Kg7
39.Qb8g3 Bc2g6
40.Nf8xd7 Qf7xd7
41.Kh2 Kh7
42.Qg3g5 Qd7f5
43.Qg5e7 Bg6f7
44.Bc5e3 Qf5g6
45.Bf1e2 h4
46.Qe7xh4 Kg8
47.Qh4d8 Kh7
48.Be2d3 Qg6xd3
49.Qd8xd3 Bf7g6
50.Qd3d7 Kg8
51.Be3d4 b4
52.Qd7g7 
1-0

[Event "Tourn. n8889"]
[Site "www.chess-mail.com"]
[Date "2016.08.03"]
[Round "1"]
[White "Scasan55"]
[Black "Daquata"]
[WhiteElo "2000"]
[BlackElo "1980"]
[Result "1-0"]
[Round "1"]
1.e4 e5
2.Ng1f3 Nb8c6
3.Bf1b5 a6
4.Bb5xc6 dxc6
5.h3 f6
6.d4 exd4
7.Qd1xd4 Bc8e6
8.Qd4xd8 Ra8xd8
9.O-O Bf8c5
10.Bc1f4 Ng8e7
11.Bf4xc7 Rd8c8
12.Bc7a5 O-O
13.Nb1c3 b6
14.Nc3a4 Bc5xf2
15.Rf1xf2 bxa5
16.Na4c5 Be6c4
17.b3 { resign }
1-0

[Event "Tourn. n8818"]
[Site "www.chess-mail.com"]
[Date "2016.08.03"]
[Round "1"]
[White "Passaroa25"]
[Black "Gatrooper"]
[WhiteElo "1520"]
[BlackElo "1600"]
[Result "1-0"]
[Round "1"]
1.e4 e5
2.Ng1e2 d6
3.Ne2g3 h6
4.Bf1e2 Nb8c6
5.c3 Ng8f6
6.Be2f3 a6
7.O-O Bc8d7
8.d3 Bf8e7
9.Nb1d2 O-O
10.b4 Nc6a7
11.Nd2b3 Na7b5
12.Bc1d2 d5
13.Nb3c5 Be7xc5
14.bxc5 dxe4
15.dxe4 Qd8e7
16.a4 Nb5a7
17.Bd2e3 c6
18.Ng3f5 Bd7xf5
19.exf5 Ra8d8
20.Qd1c2 g5
21.fxg6 fxg6
22.Qc2xg6 Qe7g7
23.Qg6xg7 Kxg7
24.Ra1d1 Rd8xd1
25.Rf1xd1 e4
26.Bf3e2 Nf6d5
27.Be3d4 Kg8
28.Be2g4 Nd5f4
29.Bd4e3 Nf4d5
30.Be3xh6 Rf8d8
31.c4 Kh7
32.cxd5 cxd5
33.Bh6g5 Rd8g8
34.Bg4f5 Kg7
35.Rd1xd5 Na7c6
36.Rd5d7 Kf8
37.Bg5h6 Ke8
38.Rd7xb7 Nc6d4
39.Bf5xe4 Rg8g4
40.Be4d3 Nd4e6
41.Bh6e3 a5
42.c6 Rg4xa4
43.g3 Ra4a1
44.Rb7b1 Ra1xb1
45.Bd3xb1 Ne6c7
46.Be3b6 Nc7d5
47.Bb6xa5 Nd5e7
48.c7 Ne7c8
49.h4 Kd7
50.Bb1f5 Kc6
51.Bf5xc8 Kb5
52.Ba5e1 Kc6
53.Be1a5 Kd6
54.Bc8b7 { resign }
1-0

[Event "Tourn. n8839"]
[Site "www.chess-mail.com"]
[Date "2016.08.03"]
[Round "1"]
[White "Cal"]
[Black "Gatrooper"]
[WhiteElo "1650"]
[BlackElo "1600"]
[Result "1/2-1/2"]
[Round "1"]
1.e4 e5
2.a3 a6
3.d3 h6
4.Nb1c3 Ng8f6
5.h3 Nb8c6
6.b4 Nc6d4
7.Bc1e3 Nd4c6
8.Ng1f3 d6
9.Nc3d5 Nf6xd5
10.exd5 Nc6e7
11.Bf1e2 Ne7xd5
12.O-O Nd5c3
13.Qd1d2 Nc3d5
14.c4 Nd5xe3
15.fxe3 Bf8e7
16.e4 Bc8e6
17.d4 exd4
18.Nf3xd4 Be7f6
19.Ra1c1 Bf6xd4
20.Qd2xd4 f6
21.Be2h5 Be6f7
22.Bh5g4 Qd8e7
23.c5 dxc5
24.Rc1xc5 Ra8d8
25.Qd4c3 c6
26.Rf1e1 Kf8
27.e5 fxe5
28.Rc5xe5 Qe7h4
29.Qc3c5 Kg8
30.Re1f1 Rd8c8
31.Bg4xc8 b5
32.Qc5xc6 Qh4d4
33.Kh1 Qd4xe5
34.Qc6a8 Bf7d5
35.Bc8e6 Kh7
36.Be6f5 g6
37.Qa8a7 Qe5g7
38.Bf5xg6 Kxg6
39.Qa7xa6 Kh7
40.Rf1f2 Rh8f8
41.Rf2d2 Qg7g3
42.Qa6xb5 Qg3xh3
43.Kg1 Qh3e3
44.Kh2 Qe3xd2
45.Qb5d7 Rf8f7
46.Qd7g4 Rf7g7
47.Qg4f5 Kh8
48.Qf5f8 Rg7g8
49.Qf8f6 Rg8g7
50.Qf6f8 Rg7g8
51.Qf8f6 Rg8g7
52.Qf6f8 Kh7
53.Qf8f5 Rg7g6
54.Qf5d7 Rg6g7
55.Qd7f5 Kh8
56.Qf5f8 Bd5g8
57.Qf8f3 Bg8d5
58.Qf3f8 Rg7g8
59.Qf8f6 Rg8g7
60.Qf6f8 Rg7g8
61.Qf8f6 Rg8g7
62.Qf6f8 Rg7g8
63.Qf8f6 { draw }
1/2-1/2

[Event "Tourn. n8858"]
[Site "www.chess-mail.com"]
[Date "2016.08.03"]
[Round "1"]
[White "Rons"]
[Black "Huw"]
[WhiteElo "2560"]
[BlackElo "2320"]
[Result "1-0"]
[Round "1"]
1.e4 e5
2.Ng1f3 Nb8c6
3.Bf1b5 a6
4.Bb5a4 Ng8f6
5.O-O Bf8e7
6.Rf1e1 b5
7.Ba4b3 O-O
8.c3 Bc8b7
9.d4 d6
10.Nb1d2 Rf8e8
11.d5 Nc6b8
12.Nd2f1 Nb8d7
13.Nf1g3 Nf6g4
14.h3  { time }
1-0